000 01451nam a2200241Ia 4500
003 Ost
005 20260507075356.0
008 260507s9999||||xx |||||||||||||| ||und||
020 _a15954499579
040 _cfsecg
041 _aara
082 _a330
100 _aمقابلة، سهيل
_eمؤلف
245 0 _aكيف تستثمر بسوق الأسهم؟ :
_bحالة سلطنة عمان /
_c سهيل مقابلة
260 _aعمان:
_bدار الراية للنشر والتوزيع,
_c2013
300 _a320 صفحة؛
_bإيضاحات ؛
_c25 سم
504 _aالملاحق ص316؛ المراجع ص297
520 _aالإقتصاد والأسواق المالية- أسواق الاوراق المالية- تطور وهيكل قطاع سوق رأس المال فس سلطنة عمان- الأوراق المالية في البورصات- مبادئ الإستثمار بالأوراق المالية- المحافظ الإستثمارية مؤشرات الأسواق- مخاطر الإستثمار بالأوراق المالية- تحليل الأوراق المالية- المؤشرات المالية الرئيسية المستخدمة في تقييم الاسهم- المستثمر الجديد- الازمة المالية العالمية وآثارها على الدول العربية
653 _aالإستثمار
653 _aالاسهم المالية
653 _aالإقتصاد
942 _cكتاب
999 _c44218
_d44218